000 00855nam a22002897a 4500
001 9943
003 FISKH
005 20260319083649.0
008 260319b cb ||||| |||| 00| 0 eng d
020 _a9780439681162
040 _aFISKH
_beng
_cFISKH
_dFISKH
050 _aPZ8 .H468
082 _a811.6
100 _aHam, Geo
_eAuthor
245 _aHey, diddle, diddle :
_bMy first Taggies book /
_cIllustrated by Jill McDonald
260 _aNew York :
_bScholastic ,
_c2006
300 _a8 unnumbered pages :
_bcolor illustrations ;
_c16 cm
505 _aE
520 _a"Babies & kids love to rub 'em."--Cover.
521 8 _a200
_bLexile estimate
521 8 _aE
_bRaz-Plus
650 _aFairy tale
_vFiction
650 _aBoard book
_vNursery rhymes
700 _aMcDonald, Jill
_eIllustrator
942 _2ddc
_cBK
_n0
999 _c9943
_d9943